000 00862nam a2200169 4500
999 _c12387
_d12387
008 190124b ||||| |||| 00| 0 eng d
020 _a9710858769
082 _21995
_aDFil 745.2
_bH199
245 _aHandbook on product design and development :
_bbasic fundamentals of industrial design /
_cRonnie M. Millevo.
260 _aMandaluyong City :
_bNational Book Store,
_c©1995
300 _aiii, 267 pages :
_billustrations ;
_c21 cm.
500 _aIncludes index.
505 _aThe importance of product design and development--The product designer--Product design parameters--The product development program--Product design techniques--Product development components--Product design materials--Design illustration techniques--Professional practice.
650 _aIndustrial design
_vHandbook
_934952
700 _aMillevo, Ronnie M.
_934953
942 _2ddc
_cDFIL